000 01536nam a2200385 a 4500
001 000115194
003 CHAP
005 20220329144522.0
008 181123s2018 mx a sm |||||||spa d
010 _a111655
011 _a112627
040 _cCHAP
090 _aTesis
100 1 _aSalazar Rivera, María de Lourdes.
_9136181
245 1 0 _aManejo alternativo de la pudrición blanca (Sclerotium cepivorum Berk) en ajo (Allium sativum L.) /
_h[En línea]
_cpor Maria de Lourdes Salazar Rivera y Julio Cezar Concepción Hernández.
260 _aChapingo, Méx. :
_bEl autor,
_c2018.
500 _aPara ver el contenido del material haga clic en la liga
502 _aTesis (Ing. Agr. Esp. en Fitotecnia) -- UACH. Departamento de Fitotecnia
590 _aBATCH-UPD
_b10
_c20190619
_lUCH01
_h1009
590 _aE11695DGD
_b10
_c20190619
_lUCH01
_h1008
590 _aE8697GMM
_b05
_c20181123
_lUCH01
_h1355
590 _aE8697GMM
_b05
_c20181123
_lUCH01
_h1357
590 _aE8697GMM
_b05
_c20181126
_lUCH01
_h0856
590 _aE8697GMM
_b05
_c20181203
_lUCH01
_h1229
590 _aE8697GMM
_b05
_c20190517
_lUCH01
_h1428
650 1 4 _aAjo
_xEnfermedades por hongos.
_93185
650 1 4 _aAjo
_xVariedades resistentes a enfermedades.
_93218
650 1 4 _aExtractos vegetales como fungicida.
_9129639
650 1 4 _aFungicidas
_xAplicación.
_9126604
700 1 _aConcepción Hernández Julio Cezar.
_9136182
856 _aFinding aid
_uhttp://10.13.5.2/tesis/sist115194.pdf
_zTeclea aquí
901 _aBK
942 _cTESIS
942 _n0
999 _c111655
_d111655